000 00606nam a22001932 4500
001 0000008804
005 20151217152041.0
008 080605s xx 000 0 eng d
020 _a1563082136 :
_cKES 3200
040 _aKABU
_cKABU
100 1 _aNisonger, Thomas E.
_@0000157829
245 1 0 _aManagement of serials in libraries /
_c Thomas E. Nisonger.
260 _aEnglewood, CO. :
_bLibraries Unlimited,
_c2004.
300 _axxviii, 433 p.
650 0 _aSerials control systems
_zUnited States.
_@0000159561
908 _a080605
950 _@1
999 _c7733
_d7733